Historia natural /

-д хадгалсан:
Номзүйн дэлгэрэнгүй
Формат: Ном
Хэл сонгох:испани
Хэвлэсэн: Madrid, España : Librería de la Viuda de Hernando, 1891
Шошгууд: Шошго нэмэх
Шошго байхгүй, Энэхүү баримтыг шошголох эхний хүн болох!

MARC

LEADER 00000nam^a2200000^a^4500
001 000431704
005 20250526000000.0
009 20260310122955.637
037 |a Acervo ITESO - Biblioteca 
041 |a ESP 
091 |a FHM. 05656 
245 0 0 |a Historia natural / 
264 1 |a Madrid, España :  |b Librería de la Viuda de Hernando,  |c 1891 
300 |a 187 p. ;  |c 15.5 cm. 
336 |a texto  |b txt  |2 rdacontenido 
337 |a sin mediación  |b n  |2 rdamedio 
338 |a volumen  |b nc  |2 rdasoporte 
649 |a XX 
910 |a Fondo Hugo B. Margáin 
920 |a Impresos - Libros 
930 |a Libros Antiguos y Raros 
905 |a 126 
901 |a 0500315424  |b IT2  |c LRA  |i D107274  |u 20250526 
902 |a https://opac.biblio.iteso.mx/vufind/Record/000431704